=LDR 00000nam 2200000 4500 =001 INLIS000000000000986 =005 20130612085413 =008 ***********************************Ind** =035 ##$$0010-061300000000986 =041 ##$$a Ind =082 ##$$a 781.34 =090 ##$$a 781.34, Tos k =100 ##$$a Tosin, Rijanto =245 ##$$a Komputer musik, Lagu anak-anak nusantara, disusun oleh Rijanto Tosin, Eko Indra Utama =260 ##$$a 1993 $b Jakarta =300 ##$$a 101 hlm, 21 cm =650 ##$$a Musik Komputera =700 ##$$a Utama, Eko Indra =850 ##$$a NBPNMAT